|
|
|
|
| LEADER |
00000nab a2200000 a 4500 |
| 001 |
vtls000779408 |
| 003 |
SK-MaSNL |
| 005 |
20260304000258.0 |
| 008 |
160405c2001 xo 0 slo |
| 015 |
|
|
|a SNBRB2002/02-03689
|
| 035 |
|
|
|a CLN000131173
|
| 040 |
|
|
|a SNKBUCL
|b slo
|c SNKBUCL
|e AACR2
|
| 041 |
0 |
|
|a slo
|
| 044 |
|
|
|a xo
|c SK
|
| 080 |
|
|
|a 616.74-007.17
|2 1997
|
| 100 |
1 |
|
|a Kovaľová, Helena
|4 aut
|9 755759
|
| 245 |
1 |
0 |
|a Deň ľudí so svalovou dystrofiou
|c Helena Kovaľová
|
| 300 |
|
|
|b Fotogr.
|
| 504 |
|
|
|a Res. slov.
|
| 650 |
0 |
7 |
|a svalová dystrofia
|2 snkbucl
|9 20019
|
| 650 |
0 |
7 |
|a terapia fyzikálna
|2 snkbucl
|9 1275657
|
| 650 |
0 |
7 |
|a spoločnosti
|2 snkbucl
|9 319563
|
| 650 |
0 |
7 |
|a sociálna pomoc
|2 snkbucl
|9 3736
|
| 655 |
|
7 |
|a články z novín a časopisov
|2 snkbucl
|9 267496
|
| 773 |
0 |
|
|t Humanita
|g Roč. 10, č. 3-4 (2001), s. 13
|
| 850 |
|
|
|a Slovenská národná knižnica v Martine
|
| 852 |
|
|
|a SNK
|b KIS3GCP
|
| 958 |
|
|
|a MI
|
| 958 |
|
|
|a RBX
|
| 999 |
|
|
|c 2530487
|d 2532417
|